| 000 -LEADER |
| fixed length control field |
00931nam a2200217Ia 4500 |
| 001 - CONTROL NUMBER |
| control field |
10514 |
| 003 - CONTROL NUMBER IDENTIFIER |
| control field |
GE_BSU |
| 008 - FIXED-LENGTH DATA ELEMENTS--GENERAL INFORMATION |
| fixed length control field |
181216s||||||||xx |||||||||||||| ||und|| |
| 020 ## - INTERNATIONAL STANDARD BOOK NUMBER |
| International Standard Book Number |
9789941145124 |
| 040 ## - CATALOGING SOURCE |
| Transcribing agency |
GE_BSU |
| 080 ## - UNIVERSAL DECIMAL CLASSIFICATION NUMBER |
| Universal Decimal Classification number |
628.1+628.3.095.332 |
| 100 ## - MAIN ENTRY--PERSONAL NAME |
| Personal name |
ნაცვლიშვილი,ნ. კლიმიაშვილი,ლ. ნაცვლიშვილი,მ. გურგენიძე,დ. |
| 245 ## - TITLE STATEMENT |
| Title |
წყალმომარაგებისა და წყალარინების საფუძვლები. |
| 260 ## - PUBLICATION, DISTRIBUTION, ETC. |
| Place of publication, distribution, etc. |
თბ. |
| 260 ## - PUBLICATION, DISTRIBUTION, ETC. |
| Name of publisher, distributor, etc. |
ტექნიკური უნივერსიტეტი. |
| 260 ## - PUBLICATION, DISTRIBUTION, ETC. |
| Date of publication, distribution, etc. |
2009. |
| 300 ## - PHYSICAL DESCRIPTION |
| Extent |
379გვ.; 20სმ. ბიბლიოგრ.:გვ.376-379. |
| 653 ## - INDEX TERM--UNCONTROLLED |
| Uncontrolled term |
წყალმომარაგებისა და წყალარინების საფუძვლები |
| 942 ## - ADDED ENTRY ELEMENTS (KOHA) |
| Koha item type |
წიგნი |